000 00518cam a2200205ua 4500
001 4120
008 150214n ii |||gr||||Z||||||asm
020 _a81-85921-33-4
040 _cMAIN
041 _aasm
082 _a891.4513
100 _aChoudhury, Nirod,
_eEditor.,
245 _aAsamiya pramor galpa
_ced. by Nirod Choudhury
250 _a3rd.
260 _aGuwahati:
_bLawyers book stall,995.
300 _a336p:
_c23cm.
653 _aAssamese short stories
653 _aAsamiya pramor galpa
942 _cBK
999 _c3942
_d3942